00553nam a22001817a 450000500170000001000150001702000260003203500130005803700130007108200080008410000180009224500970011026000300020727000680023730000270030550000190033270000200035120140903122924.0 aENG-110707 a9788120350229c450.00 aEN-94239 bDBAD/PUB a658 aFaisal Ahmed  aBusiness environment :cby Faisal Ahmed [and] M. Absar AlambIndian and global perspective / aDelhibPHI Learningc2014 aRimjhim House, 111, Patparganj Industrial EstatebDelhie110092 axxvi,413p. c24cm(pbk) aIncludes index aAbsar Alam, M.